| 000 | 00347nam a2200133Ia 4500 | ||
|---|---|---|---|
| 008 | 150202s9999 xx 000 0 und d | ||
| 020 | _a380865310 | ||
| 050 |
_aFIC _bFIC |
||
| 100 | _aSpielberg, Steven. | ||
| 245 |
_aGremlims / _cSteven Spielberg. |
||
| 260 |
_aUSA : _bAvon Books, _c1984. |
||
| 300 |
_a278 pages : _c18 cm. |
||
| 650 | _aFiction. | ||
| 999 |
_c282052 _d282052 |
||